[Event "Regionalliga Sued-West 1718"]
[Site "Bayern"]
[Date "2018.02.25"]
[Round "7.6"]
[White "Kuerschner, Ernst Michael"]
[Black "Jankowski, Moritz"]
[Result "1-0"]
[WhiteElo "1913"]
[BlackElo "1857"]
[PlyCount "49"]
[EventDate "2017.10.22"]
[EventType "team-tourn"]
[EventRounds "9"]
[EventCountry "GER"]
[SourceTitle "EXT 2022"]
[Source "ChessBase"]
[SourceDate "2021.10.06"]
[SourceVersion "1"]
[SourceVersionDate "2021.10.06"]
[SourceQuality "1"]
[WhiteTeam "Mering"]
[BlackTeam "Marktoberdorf"]
[WhiteTeamCountry "GER"]
[BlackTeamCountry "GER"]

1. d4 d5 2. c4 e6 3. Nc3 c6 4. Nf3 dxc4 5. a4 Bb4 6. e4 b5 7. axb5 cxb5 8. Be2 Nf6 9. Bg5 h6 10. Bh4 g5 11. Nxg5 hxg5 12. Bxg5 Rg8 13. h4 Be7 14. Bxf6 Bxf6 15. e5 Be7 16. Bf3 b4 17. Ne2 Bd7 18. Bxa8 Nc6 19. Bxc6 Bxc6 20. Nf4 Bxh4 21. d5 Bb5 22. Nxe6 Qe7 23. Qh5 Rxg2 24. Qh8+ Kd7 25. Rxa7# 1-0

[Event "Regionalliga Sued-West 1718"]
[Site "Bayern"]
[Date "2018.02.04"]
[Round "6.7"]
[White "Zimmermann, Dietmar"]
[Black "Kuerschner, Ernst Michael"]
[Result "1-0"]
[WhiteElo "1989"]
[BlackElo "1913"]
[PlyCount "79"]
[EventDate "2017.10.22"]
[EventType "team-tourn"]
[EventRounds "9"]
[EventCountry "GER"]
[SourceTitle "EXT 2022"]
[Source "ChessBase"]
[SourceDate "2021.10.06"]
[SourceVersion "1"]
[SourceVersionDate "2021.10.06"]
[SourceQuality "1"]
[WhiteTeam "Augsburg SK Rochade"]
[BlackTeam "Mering"]
[WhiteTeamCountry "GER"]
[BlackTeamCountry "GER"]

1. e4 c6 2. d4 d5 3. e5 Bf5 4. Nf3 e6 5. Be2 h6 6. 0-0 Ne7 7. Be3 Nd7 8. Nbd2 c5 9. c4 cxd4 10. Nxd4 Nxe5 11. cxd5 exd5 12. Nxf5 Nxf5 13. Bf4 Nc6 14. Bd3 Nfd4 15. Re1+ Be7 16. Qh5 Qd7 17. Nb3 Nxb3 18. axb3 Kf8 19. Rad1 g5 20. Bd2 Bf6 21. f4 Kg7 22. Bc3 d4 23. Bd2 Rae8 24. Rf1 Re3 25. Bc4 Re4 26. Rf3 gxf4 27. Bxf4 Ne5 28. Rg3+ Kf8 29. Rf1 Nxc4 30. bxc4 Re6 31. c5 Ke8 32. Bd6 b6 33. b4 a5 34. Rgf3 Qd8 35. bxa5 bxc5 36. Bxc5 Rh7 37. Bb6 Qe7 38. Qb5+ Kf8 39. Bc5 Rd6 40. Rxf6 1-0

[Event "Augsburg Afro op"]
[Site "Augsburg"]
[Date "2003.08.09"]
[Round "5"]
[White "Hartmann, Christian"]
[Black "Kuerschner, Ernst Michael"]
[Result "1/2-1/2"]
[WhiteElo "2052"]
[BlackElo "1800"]
[PlyCount "122"]
[EventDate "2003.08.06"]
[EventType "swiss"]
[EventRounds "7"]
[EventCountry "GER"]
[SourceTitle "EXT 2006"]
[Source "ChessBase"]
[SourceDate "2005.11.24"]
[SourceVersion "1"]
[SourceVersionDate "2005.11.24"]
[SourceQuality "1"]

1. g3 d5 2. Nf3 Nf6 3. Bg2 e6 4. 0-0 b6 5. c4 Bb7 6. b3 Bd6 7. Bb2 c5 8. cxd5 exd5 9. d4 Nbd7 10. Nbd2 0-0 11. Rc1 Re8 12. e3 Qe7 13. Re1 Rad8 14. Qc2 Ne4 15. dxc5 Bxc5 16. Nd4 Bxd4 17. Bxd4 Rc8 18. Qb2 Ndc5 19. Bf1 f6 20. Nf3 Ne6 21. Bh3 Rxc1 22. Rxc1 N6g5 23. Nxg5 Nxg5 24. Bg2 Qd7 25. h4 Ne4 26. h5 h6 27. Qe2 Rc8 28. Rxc8+ Bxc8 29. Bb2 Qc6 30. Bf3 Ng5 31. Bg2 Ne4 32. Qd1 Bb7 33. Bd4 Bc8 34. Bb2 Bb7 35. Qc1 Qxc1+ 36. Bxc1 Nc3 37. Bd2 Ne4 38. Be1 Bc8 39. f3 Nc5 40. Bc3 Kf7 41. Kf1 Bb7 42. Ke2 Ke7 43. Be1 Ba6+ 44. Kd1 Bd3 45. Bb4 a5 46. Ba3 Kd6 47. Kd2 Bb1 48. Kc3 Kc6 49. Bxc5 Kxc5 50. a3 Bf5 51. Bf1 Bd7 52. b4+ axb4+ 53. axb4+ Kd6 54. Kd4 Ba4 55. Be2 Bc6 56. f4 Bd7 57. Bf3 Bc6 58. Bg4 Ba4 59. Bf5 Bd1 60. Bg6 Bf3 61. Bf7 Be4 1/2-1/2

[Event "Augsburg Afro op"]
[Site "Augsburg"]
[Date "2003.08.08"]
[Round "4"]
[White "Kuerschner, Ernst Michael"]
[Black "Drexel, Christof"]
[Result "1/2-1/2"]
[WhiteElo "1800"]
[BlackElo "2101"]
[PlyCount "58"]
[EventDate "2003.08.06"]
[EventType "swiss"]
[EventRounds "7"]
[EventCountry "GER"]
[SourceTitle "EXT 2006"]
[Source "ChessBase"]
[SourceDate "2005.11.24"]
[SourceVersion "1"]
[SourceVersionDate "2005.11.24"]
[SourceQuality "1"]

1. d4 d5 2. c4 dxc4 3. Nf3 Nf6 4. Nc3 a6 5. a4 Bf5 6. e3 e6 7. Bxc4 Be7 8. 0-0 0-0 9. Bd3 Bg4 10. h3 Bh5 11. Be2 Nc6 12. Ne5 Bxe2 13. Nxc6 Bxd1 14. Nxd8 Rfxd8 15. Rxd1 c5 16. Ne2 Rac8 17. Bd2 cxd4 18. Nxd4 Ne4 19. Be1 Bf6 20. f3 Nc5 21. b4 Nxa4 22. Rxa4 e5 23. b5 axb5 24. Rb4 exd4 25. exd4 Rc4 26. Rxb5 Rcxd4 27. Rdb1 Rd1 28. Rxb7 h6 29. Kh2 Be5+ 1/2-1/2